Oral implants : (Record no. 21347)

MARC details
000 -LEADER
fixed length control field 00915cam a22002535a 4500
001 - CONTROL NUMBER
control field 18168253
005 - DATE AND TIME OF LATEST TRANSACTION
control field 20160308160002.0
008 - FIXED-LENGTH DATA ELEMENTS--GENERAL INFORMATION
fixed length control field 140529t2013 enka frb 001 0 eng d
020 ## - INTERNATIONAL STANDARD BOOK NUMBER
International Standard Book Number 9781850972334
020 ## - INTERNATIONAL STANDARD BOOK NUMBER
International Standard Book Number 1850972338
040 ## - CATALOGING SOURCE
Original cataloging agency NLM
Language of cataloging eng
Transcribing agency NLM
Modifying agency UKMGB
-- OCLCO
-- YDXCP
-- OCLCF
-- AU@
-- TEF
-- PAU
-- UOH
-- CUD
-- BTCTA
-- HEBIS
-- OCLCO
-- DLC
-- EG-ScBUE
082 04 - DEWEY DECIMAL CLASSIFICATION NUMBER
Edition number 22
Classification number 617.693
Item number ORA
245 00 - TITLE STATEMENT
Title Oral implants :
Remainder of title bioactivating concepts /
Statement of responsibility, etc [editors] Rolf Ewers, J. Thomas Lambrecht.
260 ## - PUBLICATION, DISTRIBUTION, ETC. (IMPRINT)
Place of publication, distribution, etc Surrey :
Name of publisher, distributor, etc Quintessence Publishing,
Date of publication, distribution, etc c.2013.
300 ## - PHYSICAL DESCRIPTION
Extent xiv, 522 p. :
Other physical details ill. ;
Dimensions 29 cm.
500 ## - GENERAL NOTE
General note Index : p. 511-522.
504 ## - BIBLIOGRAPHY, ETC. NOTE
Bibliography, etc Includes bibliographical references.
650 #7 - SUBJECT ADDED ENTRY--TOPICAL TERM
Topical term or geographic name as entry element Dental implants.
Source of heading or term BUEsh
9 (RLIN) 35980
650 #7 - SUBJECT ADDED ENTRY--TOPICAL TERM
Topical term or geographic name as entry element Bioactive compounds.
Source of heading or term BUEsh
9 (RLIN) 39013
653 ## - INDEX TERM--UNCONTROLLED
Resource For college
Arrived date list March2016
700 1# - ADDED ENTRY--PERSONAL NAME
Personal name Ewers, Rolf,
Relator term editor.
700 1# - ADDED ENTRY--PERSONAL NAME
Personal name Lambrecht, J. Thomas
Fuller form of name (Jorg Thomas),
Relator term editor.
942 ## - ADDED ENTRY ELEMENTS (KOHA)
Source of classification or shelving scheme Dewey Decimal Classification
Holdings
Withdrawn status Item status Source of classification or shelving scheme Damaged status Not for loan Vendor Home library Current library Shelving location Date acquired Source of acquisition Cost, normal purchase price Serial Enumeration / chronology Total Checkouts Total Renewals Full call number Barcode Date last seen Date last borrowed Cost, replacement price Koha item type
    Dewey Decimal Classification       Central Library Central Library First floor 08/03/2016 Purchase 2770.00 583 1 2 617.693 ORA 000031911 15/07/2025 26/02/2018 3463.00 Book - Borrowing